000 00566cam a22002053a 4500
001 40739
003 PGUSA
005 20140828083918.0
008 120912s2012||||xxu|||||s|||||000 | eng d
040 _aPGUSA
_beng
042 _adc
100 1 _aFreud, Sigmund,
_d1856-1939
245 1 0 _aDie Traumdeutung
_h[electronic resource] /
_cSigmund Freud
260 _bProject Gutenberg,
_c2012
506 _aPublic domain in the USA.
516 _aElectronic text
830 0 _aProject Gutenberg
_v40739
856 4 0 _uhttp://www.gutenberg.org/ebooks/40739
942 _cEB
999 _c269991
_d269991